| 000 | 00423cam a22001217a 4500 | ||
|---|---|---|---|
| 008 | 180718b1959 xxu||||| |||| 00| 0 eng d | ||
| 082 | _aT19068 M896 | ||
| 100 | _aMukherjee, P.K. | ||
| 245 |
_aEconomic surveys in under-developed countries: a study in methodology _cby P.K. Mukherjee |
||
| 260 |
_aBombay _bAsia _c1959 |
||
| 650 | _aIndia - Economic Conditiosn - Survey Methods | ||
| 650 | _aEconomic Conditions - Survey Methods | ||
| 999 |
_c374349 _d374349 |
||